[Event "Campos do Jordao op"]
[Site "Campos do Jordao"]
[Date "2024.01.14"]
[Round "5"]
[White "Reinaldo Dos Santos, Julio"]
[Black "De Paula, Luan Araujo"]
[Result "1-0"]
[WhiteElo "1783"]
[BlackElo "1863"]
[PlyCount "132"]
[EventDate "2024.01.12"]
[EventType "swiss"]
[EventRounds "5"]
[EventCountry "BRA"]
[SourceTitle "CB04_2024"]
[SourceDate "2023.10.16"]
[SourceVersion "1"]
[SourceVersionDate "2023.10.16"]
[SourceQuality "1"]

1. d4 d5 2. c4 c6 3. Nf3 Nf6 4. Nc3 dxc4 5. a4 Bf5 6. e3 e6 7. Bxc4 Bb4 8. Qb3 Qe7 9. 0-0 0-0 10. Ne5 Nbd7 11. Nd3 Bd6 12. f3 h5 13. e4 Bxh2+ 14. Kxh2 Ng4+ 15. fxg4 Qh4+ 16. Kg1 hxg4 17. Bf4 g3 18. Bxg3 Qxg3 19. Rf3 Qh4 20. exf5 Qxd4+ 21. Nf2 Ne5 22. Be2 Nxf3+ 23. Bxf3 exf5 24. Rd1 Qc5 25. Qxb7 Rad8 26. Qxc6 Rxd1+ 27. Ncxd1 Qb4 28. Qc3 Qxa4 29. Ne3 g6 30. Nd5 Kh7 31. b3 Qh4 32. Qf6 Qxf6 33. Nxf6+ Kg7 34. Nd7 Rd8 35. Nc5 g5 36. g4 fxg4 37. Bxg4 Kg6 38. Bd7 f5 39. Nfd3 Kf6 40. Kf2 Rh8 41. Bb5 g4 42. Nd7+ Kg5 43. N7e5 Rc8 44. Bc4 Re8 45. Nf7+ Kf6 46. Nf4 Rf8 47. Nd6 Rd8 48. Nd5+ Kg7 49. Nxf5+ Kg6 50. Nfe7+ Kg5 51. Nc6 Rd7 52. Nd4 a5 53. Kg3 Rd6 54. Nc2 Rh6 55. Nf4 Rh1 56. Ne6+ Kf5 57. Ne3+ Ke5 58. Nxg4+ Kd6 59. Ne3 Ra1 60. Nd4 Rg1+ 61. Kf2 Rd1 62. Nb5+ Kc5 63. Nc3 Rh1 64. Na4+ Kd4 65. Nc2+ Ke5 66. Ke2 Kd6 1-0

[Event "Pindamonhangaba Rezende Memorial"]
[Site "Pindamonhangaba"]
[Date "2023.08.04"]
[Round "2"]
[White "Miquelin, Nicolas Seoane"]
[Black "Reinaldo Dos Santos, Julio"]
[Result "1-0"]
[WhiteElo "2114"]
[BlackElo "1770"]
[PlyCount "87"]
[EventDate "2023.08.04"]
[EventType "swiss"]
[EventRounds "6"]
[EventCountry "BRA"]
[SourceTitle "CBM 215 Extra"]
[Source "ChessBase"]
[SourceDate "2023.09.30"]
[SourceVersion "1"]
[SourceVersionDate "2023.09.30"]
[SourceQuality "1"]

1. c4 e5 2. Nc3 Nc6 3. g3 Bb4 4. Bg2 Bxc3 5. bxc3 f5 6. d4 e4 7. f3 Nf6 8. Bg5 exf3 9. Nxf3 0-0 10. d5 Na5 11. Qd3 Qe8 12. 0-0 Ne4 13. Be3 b6 14. Nd2 Nxd2 15. Bxd2 Ba6 16. Rf4 d6 17. Raf1 Qe7 18. Bh3 g6 19. g4 Rad8 20. R1f2 fxg4 21. Bxg4 Bc8 22. Rxf8+ Rxf8 23. Bxc8 Rxc8 24. Bh6 Re8 25. c5 Nb7 26. c6 Nc5 27. Qd4 a5 28. Rf3 Ra8 29. h4 a4 30. a3 Nb3 31. Qf4 Nc5 32. Bg5 Qg7 33. h5 Rf8 34. Bf6 Qf7 35. Qh6 Qxf6 36. Rxf6 Rxf6 37. Qg5 Kf7 38. h6 b5 39. Qg4 Rf5 40. e4 Re5 41. Qc8 Re7 42. Qh8 Nxe4 43. Qg7+ Ke8 44. Qg8# 1-0

[Event "Sao Jose dos Campos op"]
[Site "Sao Jose dos Campos"]
[Date "2023.05.27"]
[Round "4"]
[White "Reinaldo Dos Santos, Julio"]
[Black "Salles, Henrique"]
[Result "1-0"]
[WhiteElo "1762"]
[BlackElo "1419"]
[PlyCount "59"]
[EventDate "2023.05.26"]
[EventType "swiss"]
[EventRounds "5"]
[EventCountry "BRA"]
[SourceTitle "CBM 214 Extra"]
[Source "ChessBase"]
[SourceDate "2023.07.31"]
[SourceVersion "1"]
[SourceVersionDate "2023.07.31"]
[SourceQuality "1"]

1. d4 Nf6 2. c4 e6 3. Nc3 Bb4 4. f3 d5 5. e3 0-0 6. a3 Bxc3+ 7. bxc3 c5 8. Bd3 Qc7 9. cxd5 exd5 10. Ne2 Re8 11. 0-0 Nc6 12. Qe1 cxd4 13. exd4 Bd7 14. Qh4 Ne7 15. g4 Ng6 16. Qf2 h6 17. h4 h5 18. g5 Nh7 19. f4 Bh3 20. Bd2 Bxf1 21. Rxf1 Qd7 22. f5 Ngf8 23. Qf3 g6 24. Ng3 Rac8 25. Nxh5 gxh5 26. Qxh5 Rc6 27. f6 Qh3 28. Rf3 Qxf3 29. Qxf3 Rce6 30. Qxd5 1-0

[Event "Florianopolis op 9th"]
[Site "Florianopolis"]
[Date "2023.01.26"]
[Round "5"]
[White "Segato, Pedro Henrique Pedr"]
[Black "Reinaldo Dos Santos, Julio"]
[Result "1-0"]
[WhiteElo "1999"]
[BlackElo "1749"]
[PlyCount "59"]
[EventDate "2023.01.23"]
[EventType "swiss"]
[EventRounds "10"]
[EventCountry "BRA"]
[SourceTitle "CBM 212 Extra"]
[Source "ChessBase"]
[SourceDate "2023.03.31"]
[SourceVersion "1"]
[SourceVersionDate "2023.03.31"]
[SourceQuality "1"]

1. c4 e5 2. g3 Nc6 3. Nc3 Bb4 4. Nd5 Bc5 5. Bg2 d6 6. e3 Nge7 7. a3 a5 8. Ne2 0-0 9. d4 Ba7 10. 0-0 exd4 11. exd4 Nf5 12. Be3 Nxe3 13. fxe3 Ne7 14. Ndc3 Nf5 15. Qd3 Qg5 16. Nd5 g6 17. Nxc7 Nxe3 18. Nxa8 Nxf1 19. Rxf1 Qe7 20. Nf4 Bf5 21. Qd2 Rxa8 22. Nd5 Qf8 23. Kh1 Be6 24. Nf6+ Kh8 25. d5 Bc8 26. Qxa5 Bf5 27. Qc3 Rd8 28. g4 Bc8 29. h3 Qg7 30. Qa5 1-0

[Event "Pocos de Caldas op"]
[Site "Pocos de Caldas"]
[Date "2022.03.13"]
[Round "5"]
[White "Reinaldo Dos Santos, Julio"]
[Black "Silva, Liara Blanco"]
[Result "1/2-1/2"]
[WhiteElo "1766"]
[BlackElo "1395"]
[PlyCount "135"]
[EventDate "2022.03.11"]
[EventType "swiss"]
[EventRounds "6"]
[EventCountry "BRA"]
[SourceTitle "CBM 207 Extra"]
[Source "ChessBase"]
[SourceDate "2022.05.31"]
[SourceVersion "1"]
[SourceVersionDate "2022.05.31"]
[SourceQuality "1"]

1. d4 Nf6 2. c4 e6 3. Nf3 Bb4+ 4. Bd2 Bxd2+ 5. Qxd2 0-0 6. Nc3 d6 7. e4 a6 8. Rd1 Nc6 9. h3 Re8 10. Be2 e5 11. d5 Nb8 12. g4 Nbd7 13. Qe3 a5 14. Nd2 Nc5 15. g5 Nfd7 16. h4 Nf8 17. h5 f5 18. gxf6 Qxf6 19. Nf1 Re7 20. Ng3 Rf7 21. f3 Qf4 22. Qxf4 Rxf4 23. Nb5 Rf7 24. Kf2 h6 25. Ke3 Na6 26. a3 Bd7 27. Rc1 Nh7 28. Rc3 Rf6 29. b4 c6 30. dxc6 bxc6 31. Nxd6 Rxd6 32. c5 Rf6 33. Rd1 axb4 34. axb4 Nf8 35. Ra3 Nc7 36. Rxa8 Nxa8 37. Bc4+ Be6 38. Bxe6+ Rxe6 39. Nf5 Nc7 40. Rd8 Na6 41. Rc8 Nxb4 42. Rc7 Kh8 43. Nxg7 Rf6 44. Ne8 Re6 45. Ng7 Rf6 46. Ne8 Re6 47. Nd6 Nc2+ 48. Kd3 Nd4 49. f4 Nb5 50. Nxb5 cxb5 51. f5 Re8 52. Rb7 Rc8 53. Rxb5 Nd7 54. Kc4 Nf6 55. Rb6 Nxe4 56. Rxh6+ Kg7 57. Rg6+ Kf7 58. c6 Nf6 59. Kc5 e4 60. Kb6 e3 61. Rg2 Nxh5 62. Kb7 Rxc6 63. Kxc6 Nf4 64. Rg3 e2 65. Re3 Kf6 66. Kc5 Kxf5 67. Kc4 Kg4 68. Kb3 1/2-1/2

[Event "Florianopolis op 8th"]
[Site "Florianopolis"]
[Date "2022.01.29"]
[Round "8"]
[White "Reinaldo Dos Santos, Julio"]
[Black "Haraguchi, Diego Sashaki"]
[Result "0-1"]
[WhiteElo "1789"]
[BlackElo "1953"]
[PlyCount "110"]
[EventDate "2022.01.24"]
[EventType "swiss"]
[EventRounds "10"]
[EventCountry "BRA"]
[SourceTitle "EXT 2023"]
[Source "ChessBase"]
[SourceDate "2022.10.05"]
[SourceVersion "1"]
[SourceVersionDate "2022.10.05"]
[SourceQuality "1"]

1. d4 d5 2. c4 c6 3. Nc3 Nf6 4. Bg5 e6 5. e3 Nbd7 6. Nf3 Be7 7. Bd3 0-0 8. 0-0 Re8 9. Qc2 h6 10. Bf4 dxc4 11. Bxc4 Nb6 12. Be2 Nbd5 13. Bg3 Bd7 14. e4 Nxc3 15. bxc3 c5 16. Bd3 Rc8 17. Qe2 Bc6 18. Rfd1 Qa5 19. Rac1 Ba4 20. Rf1 c4 21. Bc2 Bc6 22. Bb1 Ba3 23. Rcd1 Qxc3 24. Be5 Nd7 25. Bf4 Ba4 26. Rc1 Bxc1 27. Rxc1 Qb4 28. e5 c3 29. Bd3 Nf8 30. h4 Bc6 31. Qe3 Ng6 32. Bxh6 Bxf3 33. gxf3 gxh6 34. h5 Kg7 35. hxg6 Qe7 36. gxf7 Rh8 37. Kf1 Kxf7 38. Qe4 Ke8 39. Bb5+ Kf8 40. Ke2 a6 41. Bd3 Qg5 42. Rc2 Rc7 43. f4 Qh5+ 44. Ke1 Rg8 45. Bf1 Rg1 46. Rc1 Qh3 47. Ke2 Qg4+ 48. Ke1 c2 49. Qd3 Qxf4 50. Rxc2 Rxc2 51. Qxc2 Qxd4 52. Qc8+ Kf7 53. Qxb7+ Kg6 54. Qb1+ Kh5 55. f3 Qe3+ 0-1

[Event "Florianopolis op 8th"]
[Site "Florianopolis"]
[Date "2022.01.27"]
[Round "6"]
[White "Reinaldo Dos Santos, Julio"]
[Black "Tamarozi, Isabelle"]
[Result "0-1"]
[WhiteElo "1789"]
[BlackElo "1970"]
[PlyCount "87"]
[EventDate "2022.01.24"]
[EventType "swiss"]
[EventRounds "10"]
[EventCountry "BRA"]
[SourceTitle "CBM 206 Extra"]
[Source "ChessBase"]
[SourceDate "2022.03.31"]
[SourceVersion "1"]
[SourceVersionDate "2022.03.31"]
[SourceQuality "1"]

1. d4 Nf6 2. c4 g6 3. Nc3 Bg7 4. e4 d6 5. Nf3 0-0 6. Be2 e5 7. 0-0 Nc6 8. d5 Ne7 9. Ne1 Nd7 10. f3 f5 11. Be3 f4 12. Bf2 g5 13. Nd3 Ng6 14. c5 Nf6 15. Rc1 Rf7 16. c6 b6 17. Be1 h5 18. Nf2 Bh6 19. Ra1 Rh7 20. a4 a5 21. b4 axb4 22. Nb5 Qf8 23. Bxb4 g4 24. fxg4 f3 25. Bxf3 hxg4 26. Nxg4 Nxg4 27. Bxg4 Be3+ 28. Kh1 Nf4 29. Bxc8 Rxc8 30. h3 Qg7 31. Qf3 Rf8 32. Rae1 Bc5 33. Bxc5 bxc5 34. Kh2 Rf6 35. Re3 Rg6 36. Rf2 Rh5 37. a5 Rhg5 38. g4 Rh6 39. a6 Rxg4 40. a7 Rgh4 41. a8Q+ Kh7 42. Qc8 Rf6 43. Qd8 Nxh3 44. Qdxf6 0-1

[Event "Florianopolis op 8th"]
[Site "Florianopolis"]
[Date "2022.01.26"]
[Round "4"]
[White "Reinaldo Dos Santos, Julio"]
[Black "Campagnolo, Bruna"]
[Result "1-0"]
[WhiteElo "1789"]
[BlackElo "1433"]
[PlyCount "97"]
[EventDate "2022.01.24"]
[EventType "swiss"]
[EventRounds "10"]
[EventCountry "BRA"]
[SourceTitle "EXT 2023"]
[Source "ChessBase"]
[SourceDate "2022.10.05"]
[SourceVersion "1"]
[SourceVersionDate "2022.10.05"]
[SourceQuality "1"]

1. d4 d5 2. c4 e6 3. Nf3 Nf6 4. Bg5 c6 5. Nc3 Bd6 6. e3 0-0 7. a3 a5 8. Bd3 Re8 9. 0-0 Nbd7 10. Rc1 dxc4 11. Bxc4 b5 12. Bd3 Bb7 13. e4 e5 14. d5 Rb8 15. dxc6 Bxc6 16. Bxb5 Bxb5 17. Nxb5 Rxb5 18. Qxd6 Rxb2 19. Rfd1 Qb6 20. Be3 Qxd6 21. Rxd6 Rb7 22. Nd2 Ng4 23. Bg5 h6 24. Bh4 Ngf6 25. f3 Reb8 26. Ra6 Rb2 27. Be1 R2b5 28. Rc7 Nc5 29. Raa7 Ncd7 30. Kf1 a4 31. Rxd7 Nxd7 32. Rxd7 Ra8 33. Nc4 f6 34. Bb4 Rbb8 35. Nd6 Rd8 36. Rxd8+ Rxd8 37. Nb7 Rd7 38. Nc5 Ra7 39. Ke2 Kf7 40. Kd3 g6 41. Kc4 f5 42. Kd5 Kf6 43. Bc3 fxe4 44. fxe4 Re7 45. Kd6 h5 46. Bxe5+ Kf7 47. Bf4 Ke8 48. e5 Ra7 49. Ne6 1-0

[Event "Florianopolis op 7th"]
[Site "Florianopolis"]
[Date "2021.01.21"]
[Round "6"]
[White "Garcia, Claudio de Oliveira"]
[Black "Reinaldo Dos Santos, Julio"]
[Result "0-1"]
[WhiteElo "1433"]
[BlackElo "1806"]
[PlyCount "46"]
[EventDate "2021.01.18"]
[EventType "swiss"]
[EventRounds "10"]
[EventCountry "BRA"]
[SourceTitle "CBM 200 Extra"]
[Source "ChessBase"]
[SourceDate "2021.03.31"]
[SourceVersion "1"]
[SourceVersionDate "2021.03.31"]
[SourceQuality "1"]

1. e4 c5 2. Nc3 e6 3. d3 Nc6 4. g3 h6 5. Nge2 Nf6 6. Bg2 d5 7. exd5 exd5 8. 0-0 Be7 9. h3 0-0 10. Bf4 a6 11. g4 d4 12. Ne4 Nd5 13. Bg3 f5 14. gxf5 Bxf5 15. Qd2 Qd7 16. Kh2 Rf7 17. Nf4 Nxf4 18. Bxf4 Raf8 19. Rae1 Bxe4 20. Rxe4 Rxf4 21. Rxf4 Rxf4 22. Be4 Bd6 23. Kh1 Qxh3+ 0-1

[Event "Florianopolis op 7th"]
[Site "Florianopolis"]
[Date "2021.01.21"]
[Round "5"]
[White "Reinaldo Dos Santos, Julio"]
[Black "Silva, Kaua Marques"]
[Result "0-1"]
[WhiteElo "1806"]
[BlackElo "2121"]
[PlyCount "164"]
[EventDate "2021.01.18"]
[EventType "swiss"]
[EventRounds "10"]
[EventCountry "BRA"]
[SourceTitle "CBM 200 Extra"]
[Source "ChessBase"]
[SourceDate "2021.03.31"]
[SourceVersion "1"]
[SourceVersionDate "2021.03.31"]
[SourceQuality "1"]

1. d4 Nf6 2. c4 e6 3. Nf3 b6 4. Bg5 Bb7 5. Nc3 Bb4 6. Qc2 h6 7. Bh4 g5 8. Bg3 Ne4 9. e3 Bxc3+ 10. bxc3 d6 11. Bd3 f5 12. Nd2 Nxd2 13. Kxd2 Bxg2 14. Rhg1 Bb7 15. f4 Qf6 16. e4 gxf4 17. Bxf4 fxe4 18. Raf1 exd3 19. Qxd3 Qf5 20. Qg3 Nd7 21. Be5 Qxf1 22. Rxf1 dxe5 23. Qg6+ Ke7 24. Rf7+ Kd6 25. Qg7 Rhd8 26. Qxh6 c5 27. Qg7 Bc6 28. dxe5+ Nxe5 29. Qg3 Rg8 30. Rg7 Rxg7 31. Qxg7 Rd8 32. Kc2 Be4+ 33. Kb3 Nc6 34. Qf6 Bf5 35. Qg5 Kc7 36. h4 Rd7 37. h5 Na5+ 38. Kb2 Nxc4+ 39. Kc1 a5 40. Qf4+ Nd6 41. h6 b5 42. Qg3 Kc6 43. Qg8 Kb7 44. Qg2+ Ne4 45. Qf3 c4 46. Qg2 Rh7 47. Kb2 Rd7 48. Kc1 Kc8 49. Qg8+ Kc7 50. Qa8 Nc5 51. Qxa5+ Kc6 52. Qa8+ Kd6 53. Qb8+ Kc6 54. Qa8+ Rb7 55. Qd8 Na4 56. Qa5 Nb6 57. Qb4 Rc7 58. Qa5 Rh7 59. Qa3 Rxh6 60. Qe7 Rh1+ 61. Kb2 Rh2+ 62. Ka3 Rh7 63. Qe8+ Rd7 64. Kb4 Nd5+ 65. Ka5 Nc7 66. Qf8 Rd2 67. a3 Rd3 68. Qh8 Rh3 69. Qd4 Rd3 70. Qh8 Rd6 71. Qf8 Bc2 72. Qf3+ Rd5 73. Qf2 Bb3 74. Qb6+ Kd7 75. Qf2 Kc8 76. Kb6 Rd6+ 77. Kc5 Ra6 78. Qf8+ Kb7 79. Qd8 Rc6+ 80. Kb4 Ba4 81. Qf8 Nd5+ 82. Ka5 Ra6# 0-1

[Event "Florianopolis op 7th"]
[Site "Florianopolis"]
[Date "2021.01.19"]
[Round "3"]
[White "Reinaldo Dos Santos, Julio"]
[Black "Mariani, Daniel Brandao"]
[Result "1-0"]
[WhiteElo "1806"]
[BlackElo "2072"]
[PlyCount "81"]
[EventDate "2021.01.18"]
[EventType "swiss"]
[EventRounds "10"]
[EventCountry "BRA"]
[SourceTitle "CBM 200 Extra"]
[Source "ChessBase"]
[SourceDate "2021.03.31"]
[SourceVersion "1"]
[SourceVersionDate "2021.03.31"]
[SourceQuality "1"]

1. d4 Nf6 2. c4 g6 3. Nc3 d5 4. cxd5 Nxd5 5. e4 Nxc3 6. bxc3 Bg7 7. Bc4 0-0 8. Ne2 c5 9. 0-0 Nc6 10. Be3 Bg4 11. f3 Na5 12. Bxf7+ Rxf7 13. fxg4 Rxf1+ 14. Kxf1 cxd4 15. cxd4 e5 16. d5 Qh4 17. Kg1 Nc4 18. Bf2 Qxg4 19. Nc3 Qxd1+ 20. Rxd1 Bf8 21. Kf1 Bb4 22. Rc1 Rc8 23. Be1 Ne3+ 24. Kf2 Bxc3 25. Ke2 Nxg2 26. Rxc3 Nf4+ 27. Ke3 Rxc3+ 28. Bxc3 Kf7 29. Bxe5 Nh5 30. Kd4 Nf6 31. Bb8 a6 32. e5 Ng4 33. Bc7 Ke7 34. e6 h5 35. h3 Nf2 36. Bg3 Nxh3 37. Ke5 g5 38. d6+ Kd8 39. Kf6 Nf4 40. Bxf4 gxf4 41. Kf7 1-0

[Event "Caxambu op"]
[Site "Caxambu"]
[Date "2020.03.07"]
[Round "3"]
[White "Reinaldo Dos Santos, Julio"]
[Black "Chang, Suzana"]
[Result "0-1"]
[WhiteElo "1823"]
[BlackElo "2054"]
[PlyCount "94"]
[EventDate "2020.03.06"]
[EventType "swiss"]
[EventRounds "6"]
[EventCountry "BRA"]
[SourceTitle "CBM 195 Extra"]
[Source "ChessBase"]
[SourceDate "2020.05.31"]
[SourceVersion "1"]
[SourceVersionDate "2020.05.31"]
[SourceQuality "1"]

1. d4 Nf6 2. c4 g6 3. Nc3 Bg7 4. e4 d6 5. Nf3 0-0 6. Be2 e5 7. d5 Na6 8. h3 Nc5 9. Qc2 a5 10. g4 c6 11. Be3 cxd5 12. cxd5 Ne8 13. 0-0-0 Bd7 14. Bxc5 dxc5 15. Kb1 Nd6 16. Rdg1 b5 17. h4 a4 18. Nd1 c4 19. Nd2 a3 20. b3 cxb3 21. Nxb3 Rc8 22. Qd3 b4 23. f3 Nb5 24. Qd2 Nc3+ 25. Nxc3 bxc3 26. Qd3 Qb6 27. Rc1 Qb4 28. Rh2 c2+ 29. Rxc2 Rxc2 30. Qxc2 Rc8 31. Qd2 Rc3 32. Bd1 Bf8 33. h5 Bb5 34. Bc2 Rxf3 35. Qxb4 Bxb4 36. Rh1 Rg3 37. hxg6 hxg6 38. Nc1 Rxg4 39. Rd1 Bd6 40. Nb3 Rg2 41. Na5 Kf8 42. Nb7 Ke7 43. Nxd6 Kxd6 44. Kc1 Rxc2+ 45. Kxc2 Ba4+ 46. Kc1 Bxd1 47. Kxd1 f5 0-1

[Event "Mineiro-ch"]
[Site "Varginha"]
[Date "2019.11.17"]
[Round "7"]
[White "Mota, Marcos Antonio Pere"]
[Black "Reinaldo Dos Santos, Julio"]
[Result "0-1"]
[WhiteElo "1642"]
[BlackElo "1850"]
[PlyCount "62"]
[EventDate "2019.11.14"]
[EventType "swiss"]
[EventRounds "7"]
[EventCountry "BRA"]
[SourceTitle "EXT 2021"]
[Source "ChessBase"]
[SourceDate "2020.10.23"]
[SourceVersion "1"]
[SourceVersionDate "2020.10.23"]
[SourceQuality "1"]

1. d4 Nf6 2. c4 g6 3. Nc3 Bg7 4. e4 d6 5. Nf3 0-0 6. Be2 e5 7. 0-0 Nc6 8. d5 Ne7 9. b4 Nd7 10. Re1 h6 11. a4 f5 12. Ra2 f4 13. Ba3 g5 14. c5 Nf6 15. cxd6 cxd6 16. Qb3 Ng6 17. Rc2 g4 18. Nd2 Ne8 19. Nc4 Rf7 20. Rec1 Bf8 21. Nb5 Nh4 22. Nxa7 Bd7 23. Nb5 f3 24. Nxe5 dxe5 25. Nc7 Nxc7 26. Rxc7 Bxa4 27. Qa2 Rxc7 28. Rxc7 fxe2 29. d6+ Kh8 30. Qxe2 Qxd6 31. Rxb7 Bc6 0-1

[Event "Varginha Mineiro-ch"]
[Site "Varginha"]
[Date "2019.11.16"]
[Round "5"]
[White "Simas, Breno Matos"]
[Black "Reinaldo Dos Santos, Julio"]
[Result "1-0"]
[WhiteElo "1608"]
[BlackElo "1850"]
[PlyCount "89"]
[EventDate "2019.11.14"]
[EventType "swiss"]
[EventRounds "7"]
[EventCountry "BRA"]
[SourceTitle "CBM 193 Extra"]
[Source "ChessBase"]
[SourceDate "2020.01.31"]
[SourceVersion "1"]
[SourceVersionDate "2020.01.31"]
[SourceQuality "1"]

1. d4 Nf6 2. Bg5 g6 3. Bxf6 exf6 4. e3 Bg7 5. c4 f5 6. Ne2 c5 7. Nbc3 0-0 8. g3 Nc6 9. Bg2 cxd4 10. exd4 Qb6 11. c5 Qd8 12. 0-0 d6 13. cxd6 Qxd6 14. Nb5 Qd8 15. Rc1 a6 16. Bxc6 bxc6 17. Nbc3 Qd6 18. Na4 Be6 19. b3 Rfd8 20. Qc2 Rac8 21. Nc5 a5 22. Nb7 Qc7 23. Nxd8 Qxd8 24. Rfd1 Bd5 25. Nc3 Bf3 26. Rd3 Bg4 27. Ne2 f4 28. Rc3 Bf5 29. Qd2 fxg3 30. hxg3 Be4 31. Qf4 Bd5 32. Rc5 Qd7 33. Nc3 Be6 34. d5 cxd5 35. Rxc8+ Qxc8 36. Nxd5 Qd8 37. Nc7 Bf5 38. g4 Qh4 39. Qg3 Qg5 40. Rc5 Bd4 41. Ne6 fxe6 42. Qb8+ Kg7 43. Rc7+ Kf6 44. Qd8+ Ke5 45. Qxg5 1-0

[Event "Florianopolis op 5th"]
[Site "Florianopolis"]
[Date "2019.01.23"]
[Round "4"]
[White "Colaco, Willian Wagner Soar"]
[Black "Reinaldo Dos Santos, Julio"]
[Result "1-0"]
[WhiteElo "1561"]
[BlackElo "1922"]
[PlyCount "117"]
[EventDate "2019.01.21"]
[EventType "swiss"]
[EventRounds "10"]
[EventCountry "BRA"]
[SourceTitle "CBM 188 Extra"]
[Source "ChessBase"]
[SourceDate "2019.02.26"]
[SourceVersion "1"]
[SourceVersionDate "2019.02.26"]
[SourceQuality "1"]

1. d4 Nf6 2. Nf3 g6 3. Bf4 Bg7 4. e3 0-0 5. Bd3 d6 6. h3 c5 7. c3 Nbd7 8. Nbd2 Re8 9. 0-0 b6 10. e4 cxd4 11. cxd4 e5 12. dxe5 dxe5 13. Bg5 Bb7 14. Qe2 h6 15. Be3 Bf8 16. Rfd1 a6 17. b4 Kh8 18. a3 b5 19. Rac1 Rc8 20. Ne1 Rc7 21. f3 Qc8 22. Nb3 Re6 23. Rxc7 Qxc7 24. Rc1 Rc6 25. Rxc6 Qxc6 26. Na5 Qc7 27. Nxb7 Qxb7 28. Qa2 Kg8 29. Qd2 Nb6 30. Bxh6 Bxh6 31. Qxh6 Nc4 32. Bxc4 bxc4 33. Qg5 Nd7 34. Kf2 Qc6 35. Qc1 Nb6 36. Nc2 Qd6 37. Qe3 Na4 38. Ke2 Nb2 39. Qd2 Nd3 40. Ne3 Nf4+ 41. Kd1 Qc6 42. Qc3 Qb6 43. Nxc4 Qg1+ 44. Kc2 Qxg2+ 45. Nd2 Qe2 46. Qc4 Qe3 47. Qxa6 Ne2 48. Qd3 Nd4+ 49. Kc3 Qe1 50. Kc4 Qh4 51. Nb3 Ne6 52. b5 Qe7 53. Na5 Qc5+ 54. Kb3 Nd4+ 55. Kb2 Nxb5 56. Nc4 Nd4 57. Kc3 Qb5 58. Nxe5 Ne6 59. Qxb5 1-0

[Event "Sao Paulo STD U2200 op 2nd"]
[Site "Sao Paulo"]
[Date "2018.09.09"]
[Round "4"]
[White "Nunes, Bruno Rossa"]
[Black "Reinaldo Dos Santos, Julio"]
[Result "0-1"]
[WhiteElo "1459"]
[BlackElo "1935"]
[PlyCount "90"]
[EventDate "2018.09.08"]
[EventType "swiss"]
[EventRounds "6"]
[EventCountry "BRA"]
[SourceTitle "EXT 2021"]
[Source "ChessBase"]
[SourceDate "2020.10.23"]
[SourceVersion "1"]
[SourceVersionDate "2020.10.23"]
[SourceQuality "1"]

1. d4 Nf6 2. c4 g6 3. Nc3 Bg7 4. Nf3 d6 5. Bf4 0-0 6. e3 b6 7. Be2 Bb7 8. 0-0 Nbd7 9. h3 c5 10. Re1 Ne4 11. Nxe4 Bxe4 12. Ng5 Bc6 13. d5 Bb7 14. Rb1 h6 15. Nf3 Re8 16. e4 Nf6 17. Bd3 e5 18. Be3 Bc8 19. a3 Nh5 20. b4 f5 21. bxc5 f4 22. Bd2 bxc5 23. Qa4 Bf8 24. Nh4 Bd7 25. Qa6 Qxh4 26. Rb7 Bc8 27. Reb1 Re7 28. Rxa7 Rexa7 29. Qc6 Qd8 30. Be2 Bd7 31. Qb6 Qxb6 32. Rxb6 Rxa3 33. Rb7 R3a7 34. Rb6 Kf7 35. g3 fxg3 36. Bxh5 gxh5 37. f4 Ra1+ 38. Kg2 R1a2 39. Kxg3 R8a3+ 40. Kf2 Rxd2+ 41. Ke1 Rh2 42. Rb1 Rh1+ 43. Kf2 Rxb1 44. f5 Rb2+ 45. Kf1 Ra1# 0-1

[Event "Sao Paulo STD U2200 op 2nd"]
[Site "Sao Paulo"]
[Date "2018.09.09"]
[Round "5"]
[White "Reinaldo Dos Santos, Julio"]
[Black "De Bona, Glauber"]
[Result "0-1"]
[WhiteElo "1935"]
[BlackElo "1932"]
[PlyCount "68"]
[EventDate "2018.09.08"]
[EventType "swiss"]
[EventRounds "6"]
[EventCountry "BRA"]
[SourceTitle "EXT 2021"]
[Source "ChessBase"]
[SourceDate "2020.10.23"]
[SourceVersion "1"]
[SourceVersionDate "2020.10.23"]
[SourceQuality "1"]

1. d4 Nf6 2. c4 e6 3. Nc3 Bb4 4. f3 0-0 5. e4 d5 6. e5 Nfd7 7. Bd3 dxc4 8. Bxc4 Nxe5 9. Bxe6 Nxf3+ 10. Nxf3 Bxe6 11. 0-0 Bg4 12. Qd3 Nc6 13. Ne2 Bh5 14. Bf4 Re8 15. Rad1 Qd7 16. d5 Bc5+ 17. Kh1 Bxf3 18. Rxf3 Ne5 19. Bxe5 Rxe5 20. Rh3 Qf5 21. Qc4 Qf2 22. Ng1 Rg5 23. g3 Bd6 24. Rf1 Qc5 25. Qxc5 Bxc5 26. Rd1 Rd8 27. Nf3 Rgxd5 28. Rxd5 Rxd5 29. Rh4 Rd1+ 30. Kg2 Rb1 31. Re4 Rxb2+ 32. Kh3 f6 33. a4 Kf7 34. Nh4 Rb4 0-1

[Event "Sao Paulo STD U2200 op 2nd"]
[Site "Sao Paulo"]
[Date "2018.09.08"]
[Round "1"]
[White "Reinaldo Dos Santos, Julio"]
[Black "Haraguchi, Matheus Sashaki"]
[Result "1-0"]
[WhiteElo "1935"]
[BlackElo "1577"]
[PlyCount "45"]
[EventDate "2018.09.08"]
[EventType "swiss"]
[EventRounds "6"]
[EventCountry "BRA"]
[SourceTitle "EXT 2021"]
[Source "ChessBase"]
[SourceDate "2020.10.23"]
[SourceVersion "1"]
[SourceVersionDate "2020.10.23"]
[SourceQuality "1"]

1. d4 e6 2. c4 d5 3. Nf3 Nf6 4. Nc3 Be7 5. Bf4 c6 6. e3 Nbd7 7. h3 Bb4 8. Rc1 Qa5 9. Qb3 Bxc3+ 10. bxc3 Ne4 11. cxd5 exd5 12. Bd3 Ndf6 13. 0-0 0-0 14. c4 dxc4 15. Bxc4 b5 16. Bd3 Be6 17. Qc2 Bd5 18. Ne5 Rac8 19. f3 Nd6 20. e4 Be6 21. Nxc6 Qc7 22. d5 Bd7 23. Ne7+ 1-0

[Event "BRA-ch Amateur U2000"]
[Site "Sao Paulo"]
[Date "2018.06.02"]
[Round "5"]
[White "De Freitas, Julio Eimard"]
[Black "Reinaldo Dos Santos, Julio"]
[Result "0-1"]
[WhiteElo "1805"]
[BlackElo "1940"]
[PlyCount "62"]
[EventDate "2018.05.31"]
[EventType "swiss"]
[EventRounds "7"]
[EventCountry "BRA"]
[SourceTitle "EXT 2021"]
[Source "ChessBase"]
[SourceDate "2020.10.23"]
[SourceVersion "1"]
[SourceVersionDate "2020.10.23"]
[SourceQuality "1"]

1. d4 Nf6 2. Nf3 g6 3. Bg5 Bg7 4. Nbd2 h6 5. Bh4 d6 6. c3 0-0 7. e4 c5 8. Bd3 cxd4 9. Nxd4 Nc6 10. Nxc6 bxc6 11. 0-0 Rb8 12. Qc2 e5 13. Nc4 Re8 14. Rad1 d5 15. Ne3 Be6 16. b3 Qa5 17. f3 Nh5 18. Be1 Qb6 19. Qf2 Nf4 20. Bb1 Bf8 21. Bd2 a5 22. Kh1 Bc5 23. Rde1 Rbd8 24. Bc1 h5 25. Qh4 Kg7 26. Nd1 Be7 27. Qf2 Bc5 28. Qg3 h4 29. Qxh4 Rh8 30. Qg3 Nh5 31. Qxe5+ f6 0-1